Orchideje /

Main Author: Dušek, Jindra, 1931-2009
Other Authors: Gregor, František, 1926-2024, Křístek, Jaroslav, 1928-
Language: Czech
Published: Praha : Academia, 1986
Edition: 1. vyd.
Online Access: Digitalizovaný dokument
Physical Description: 203 s. : obr., [56] s. fot. (většinou barev.) ; 30 cm
Book
Saved in:
LEADER 01185nam a22003132a 4500
001 000762424
003 CZ BrMZK
005 20221220082246.0
007 ta
008 050203s1986 xr er|||||||||||cze d
015 |a cnb000018886 
040 |a ABA001  |b cze  |d ABA001  |d BOA001 
080 9 |a 635.914:582.594.2 
100 1 |a Dušek, Jindra,  |d 1931-2009  |7 jk01023409  |4 aut 
245 1 0 |a Orchideje /  |c Jindra Dušek, Jaroslav Křístek ; kresby František Gregor ; obálka, vazba a graf. úprava Jiří Ledr 
250 |a 1. vyd. 
260 |a Praha :  |b Academia,  |c 1986  |f (PG 1) 
300 |a 203 s. :  |b obr., [56] s. fot. (většinou barev.) ;  |c 30 cm 
500 |a Fot. na frontispisu 
500 |a Ilustr. tit. list 
500 |a 20000 výt. 
500 |a Přehl. lit. 
700 1 |a Gregor, František,  |d 1926-2024  |7 jn20000400803  |4 ill 
700 1 |a Křístek, Jaroslav,  |d 1928-  |7 jk01070087  |4 aut 
856 4 1 |u http://www.digitalniknihovna.cz/mzk/uuid/uuid:858e5b40-ac5e-11e4-a7a2-005056827e51  |y Digitalizovaný dokument  |x NDK 
910 |a BOA001  |b 4-0914.284 
990 |a BK 
991 |b 200502 
996 6 |b 2618743323  |c 4-0914.284  |l MZK  |r Sklad / do 1 hodiny  |n 2  |w 000762424  |u 000010  |a 1  |e BOA001  |j MZK50  |s P